Presentation by the Ministry of Finance to the Finance Committee of Parliament on the Ministry's 2016 Budget. (Record no. 1029)

MARC details
000 -LEADER
fixed length control field 00490nam a2200157Ia 4500
008 - FIXED-LENGTH DATA ELEMENTS--GENERAL INFORMATION
fixed length control field 240428s9999||||xx |||||||||||||| ||und||
041 ## - LANGUAGE CODE
Language code of text/sound track or separate title eng
082 ## - DEWEY DECIMAL CLASSIFICATION NUMBER
Classification number AE/MOF/2016
100 ## - MAIN ENTRY--PERSONAL NAME
Personal name Ministry of Finance
245 #0 - TITLE STATEMENT
Title Presentation by the Ministry of Finance to the Finance Committee of Parliament on the Ministry's 2016 Budget.
260 ## - PUBLICATION, DISTRIBUTION, ETC.
Name of publisher, distributor, etc. Ministry of Finance
Place of publication, distribution, etc. [Accra] :
Date of publication, distribution, etc. 2016
300 ## - PHYSICAL DESCRIPTION
Extent 12p:tabs
650 ## - SUBJECT ADDED ENTRY--TOPICAL TERM
Topical term or geographic name entry element Finance Committee 2016 Budget Estimates
942 ## - ADDED ENTRY ELEMENTS (KOHA)
Koha item type E-resources & Electronic Documnets
Holdings
Withdrawn status Lost status Damaged status Not for loan Home library Current library Shelving location Date acquired Total checkouts Full call number Date last seen Copy number Price effective from Koha item type
        Main Library Main Library Reference 11/05/2022   AE/MOF/2016 472 C1 - AE/MOF/2016 473 C2 - AE/MOF/2016 474 C3 - AE/MOF/2016 475 C4 - AE/MOF/2016 476 C5 29/04/2024 1 29/04/2024 E-resources & Electronic Documnets
©2026  Parliament of Ghana Library - All rights reserved